| 000 | 00728nam a2200217 a 4500 | ||
|---|---|---|---|
| 001 | BRCA_2243 | ||
| 005 | 20190320203728.0 | ||
| 008 | 741206s1985 fr-a---##b---#000-0#fre-# | ||
| 020 | _a845052590x | ||
| 040 |
_aDLC _cNBiSU _dViBlbV |
||
| 041 | _aengund | ||
| 050 | 4 |
_aNA1313.G3 _b.A58 1985 |
|
| 245 | 1 | 0 |
_aAntonio Gaudi _b1852-1926. |
| 260 |
_aBarcelona _bFundació Caixa de Pensions _c1985 |
||
| 300 |
_a281 p. _bil. (algunas a color) _c30 cm. |
||
| 500 | _aCatálogo de la exposición realizada en el Musée des Beaux-Arts (Nîmes, España), 18 diciembre 1985 - 28 febrero, 1986 | ||
| 500 | _aIncluye lista de obras | ||
| 504 | _aBibliografía: p. [280]-281 | ||
| 600 | 1 | 4 |
_aGaudí, Antoni _d1852-1926 _95623 |
| 942 |
_2lcc _cB |
||
| 999 |
_c1993 _d1993 |
||